| 000 | 00905cab a2200229 4500 | ||
|---|---|---|---|
| 001 | ABS37623 | ||
| 008 | 090401t1987 xxu||||| |||| 00| 0 eng d | ||
| 035 | _a(Sirsi) u5653 | ||
| 041 | _aeng | ||
| 100 | _aOsborn, N.E. | ||
| 245 | _aResuming previous uses | ||
| 260 | _c1987 | ||
| 350 | _a0 | ||
| 490 |
_aSolicitors` Journal _v131(17) 24 April 1987, 528-529(2) |
||
| 520 | _aDiscusses recent planning cases as examples of the complications that can arise from changes of use and the need for planning permission if a use is changed and for resumption of the previous use. It argues that developments in the law may disregard some fundamental principles. | ||
| 650 | _aCYNON VALLEY BC V SOS FOR WALES AND ANOTHER | ||
| 650 | _aPIONEER AGGREGATES (UK) LTD V SOS ENVIRONMENT & ORS | ||
| 650 | _aYOUNG V SOS ENVIRONMENT | ||
| 690 | _aPLANNING LAW AND PRACTICE | ||
| 942 | _n0 | ||
| 948 | _c04/03/1997 | ||
| 999 |
_c3373 _d3373 |
||